Guess the random Taylor Swift Song Lyrics 136 - Statistics

General Stats
  • This quiz has been taken 17 times
  • The average score is 242 of 328
Answer Stats
Answer % Correct
a
100%
I
100%
to
100%
and
93%
And
93%
go
93%
I'd
93%
You
93%
you
93%
your
93%
be
86%
I'm
86%
it
86%
like
86%
me
86%
my
86%
on
86%
the
86%
this
86%
You're
86%
you're
86%
can't
79%
Can't
79%
don't
79%
ever
79%
had
79%
have
79%
It's
79%
it's
79%
know
79%
never
79%
Never
79%
no
79%
not
79%
we
79%
back
71%
But
71%
Come
71%
come
71%
gone
71%
haunted
71%
leave
71%
Oh
71%
oh
71%
out
71%
see
71%
time
71%
too
71%
what
71%
all
64%
figured
64%
fragile
64%
From
64%
He
64%
he
64%
just
64%
known
64%
line
64%
live
64%
now
64%
Something
64%
thought
64%
walk
64%
wanted
64%
was
64%
again
57%
away
57%
break
57%
every
57%
everything
57%
nothing
57%
over
57%
quiet
57%
said
57%
there
57%
whenever
57%
will
57%
anything
50%
big
50%
breath
50%
breathe
50%
holding
50%
keeps
50%
lose
50%
mistake
50%
smile
50%
Something's
50%
terribly
50%
whole
50%
Won't
50%
wrong
50%
coming
43%
dark
43%
finish
43%
getting
43%
instead
43%
make
43%
mean
43%
might
43%
pain
43%
started
43%
still
43%
take
43%
try
43%
turn
43%
watched
43%
wishing
43%
word
43%
cold
36%
eyes
36%
made
36%
Stood
36%
trust
36%
No matching quizzes found
Score Distribution
Percent of People with Each Score
Percentile by Number Answered
Your Score History
You have not taken this quiz